Textbook of Child Health Nursing -I (Record no. 362275)
[ view plain ]
| 000 -LEADER | |
|---|---|
| fixed length control field | 00812 a2200169 4500 |
| 003 - CONTROL NUMBER IDENTIFIER | |
| control field | OSt |
| 005 - DATE AND TIME OF LATEST TRANSACTION | |
| control field | 20250331161433.0 |
| 008 - FIXED-LENGTH DATA ELEMENTS--GENERAL INFORMATION | |
| fixed length control field | 241217b |||||||| |||| 00| 0 eng d |
| 020 ## - INTERNATIONAL STANDARD BOOK NUMBER | |
| International Standard Book Number | 9788197849725 |
| 100 ## - MAIN ENTRY--PERSONAL NAME | |
| Personal name | Maurya, Archana |
| 9 (RLIN) | 209185 |
| 245 ## - TITLE STATEMENT | |
| Title | Textbook of Child Health Nursing -I |
| 250 ## - EDITION STATEMENT | |
| Edition statement | 1 |
| 260 ## - PUBLICATION, DISTRIBUTION, ETC. (IMPRINT) | |
| Name of publisher, distributor, etc. | Aitbs Publisher |
| Date of publication, distribution, etc. | 2025 |
| 500 ## - GENERAL NOTE | |
| Keywords | guidelines, focusing on the competencies, clinical guidelines, ensuring, applications through case studies, clinical scenarios, and skill-based exercises, Lear explanations, illustrations, and diagrams to facilitate ,neonates, growth and development including premature and full-term infants, covering, high-risk neonates, including those with congenital anomalies, infections, and metabolic disorders |
| 650 ## - SUBJECT ADDED ENTRY--TOPICAL TERM | |
| Topical term or geographic name as entry element | Child Health Nursing |
| 942 ## - ADDED ENTRY ELEMENTS (KOHA) | |
| Source of classification or shelving scheme | Dewey Decimal Classification |
| Koha item type | Books |
| Withdrawn status | Lost status | Source of classification or shelving scheme | Damaged status | Not for loan | Home library | Current library | Date acquired | Vendor | Cost, normal purchase price | Total Checkouts | Full call number | Barcode | Date last seen | Date last checked out | Cost, replacement price | Bill Date | Koha item type | Original Barcode | Total Renewals | Checked out |
|---|---|---|---|---|---|---|---|---|---|---|---|---|---|---|---|---|---|---|---|---|
| Dewey Decimal Classification | Sitabai Nargundkar College of Nursing Nagpur | Sitabai Nargundkar College of Nursing Nagpur | 12/12/2024 | 108 | 543.75 | 17 | 618.9200/MAU | SNCN-BK-3563 | 09/03/2026 | 21/02/2026 | 725.00 | 12/12/2024 | Books | 3563 | ||||||
| Dewey Decimal Classification | Sitabai Nargundkar College of Nursing Nagpur | Sitabai Nargundkar College of Nursing Nagpur | 12/12/2024 | 108 | 543.75 | 16 | 618.9200/MAU | SNCN-BK-3564 | 17/03/2026 | 17/03/2026 | 725.00 | 12/12/2024 | Books | 3564 | 2 | 11/05/2026 | ||||
| Dewey Decimal Classification | Sitabai Nargundkar College of Nursing Nagpur | Sitabai Nargundkar College of Nursing Nagpur | 12/12/2024 | 108 | 543.75 | 1 | 618.9200/MAU | SNCN-BK-3566 | 20/12/2024 | 19/12/2024 | 725.00 | 12/12/2024 | Books | 3566 | ||||||
| Dewey Decimal Classification | Sitabai Nargundkar College of Nursing Nagpur | Sitabai Nargundkar College of Nursing Nagpur | 12/12/2024 | 108 | 543.75 | 5 | 618.9200/MAU | SNCN-BK-3565 | 16/03/2026 | 17/02/2026 | 725.00 | 12/12/2024 | Books | 3565 | ||||||
| Dewey Decimal Classification | Sitabai Nargundkar College of Nursing Nagpur | Sitabai Nargundkar College of Nursing Nagpur | 12/12/2024 | 108 | 543.75 | 4 | 618.9200/MAU | SNCN-BK-3567 | 03/03/2025 | 03/03/2025 | 725.00 | 12/12/2024 | Books | 3567 | 18/03/2025 |